| 000 | 02197nam a2200301Ia 4500 | ||
|---|---|---|---|
| 001 | CRC0KE11176PDF | ||
| 003 | BD-DhSAU | ||
| 005 | 20151012144305.0 | ||
| 006 | m|||||o||d|||||||| | ||
| 007 | cr|||| | ||
| 008 | 110525s2011 fluad sb 001 0 eng d | ||
| 020 | _a9781439826232 (ebook : PDF) | ||
| 040 |
_aBD-DhSAU _cBD-DhSAU |
||
| 090 |
_aS592.6.H43 _bS45 2011 |
||
| 092 |
_a628.55 _bS465 |
||
| 100 | 1 |
_aSelim, Hussein Magd Eldin, _d1944- |
|
| 245 | 1 | 0 |
_aDynamics and bioavailability of heavy metals in the rootzone _h[electronic resource] / _cH. Magdi Selim. |
| 260 |
_aBoca Raton, Fla. : _bCRC Press, _c2011. |
||
| 300 |
_axiv, 299 p. : _bill. |
||
| 504 | _aIncludes bibliographical references and index. | ||
| 505 | 0 | _a1. Nonlinear behavior of heavy metals in soils : mobility and bioavailability / H. Magdi Selim -- 2. Nonequilibrium transport of heavy metals in soils : physical and chemical processes / Hua Zhang -- 3. Chemical equilibrium and reaction modeling of arsenic and selenium in soils / Sabine Goldberg -- 4. Heavy metal and selenium distribution and bioavailability in contaminated sites : a tool for phytoremediation / Beatrice Pezzarossa, F. Gorini, and G. Petruzzelli -- 5. Colloid-associated transport and metal speciation at reclaimed mine sites following biosolid application / A.D. Karathanasis and J.O. Miller -- 6. Trace element biogeochemistry in the rhizosphere / Walter W. Wenzel ... [et al.] -- 7. Heavy metals in agricultural watersheds : nonpoint source contamination / Moustafa A. Elrashidi -- 8. Heavy metals transformation in wetlands / R.D. DeLaune and Dong-Cheol Seo -- 9. Factors controlling the dynamics of trace metals in frequently flooded soils / J�org Rinklebe and Gijs Du Laing -- 10. Heavy metals forms in biosolids, soils, and biosolid-amended soils / Christos D. Tsadilas. | |
| 530 | _aAlso available in print edition. | ||
| 538 | _aMode of access: World Wide Web. | ||
| 650 | 0 |
_aSoils _xHeavy metal content. |
|
| 655 | 7 |
_aElectronic books. _2lcsh |
|
| 776 | 1 | _z9781439826225 | |
| 856 | 4 | 0 |
_uhttp://marc.crcnetbase.com/isbn/9781439826232 _qapplication/PDF |
| 999 |
_c11672 _d11671 |
||